000 00674nam a2200253Ia 4500
003 OSt
005 20221006143005.0
006 a|||||r|||| 00| 0
007 ta
008 221006b |||||||| |||| 00| 0 eng d
020 _c
_37.40
024 _a7,737
037 _cTextual
040 _aEASL
_cEASL
_beng
041 _2eng
_aeng
082 _aY:4582.42.M, L5
100 _aMILLER John Holmes
_9648905
245 0 _aSocial disorder in late Tokugawa Japan
260 _aLondon
_bMicrofilms University
_c1975
300 _a271p.
_ccm.
490 _v JEL
942 _hY:4582.42.M, L5
_cTEXL
_2CC
999 _c1075823
_d1075823